|
|
|
|
| LEADER |
00000nam a2200000 4500 |
| 001 |
vtls012287922 |
| 003 |
SK-MaSNL |
| 005 |
20260425231413.0 |
| 008 |
251125s1855 xo f 000 0 lat |
| 015 |
|
|
|a SNBHFA
|
| 040 |
|
|
|a SNKHF
|b slo
|c SNKHF
|e rda
|
| 041 |
0 |
|
|a lat
|
| 043 |
|
|
|a e-xo---
|
| 044 |
|
|
|a xo
|c SK
|
| 072 |
|
7 |
|a 655
|x Polygrafia. Vydavateľstvá a knižný obchod
|2 konspekt
|
| 080 |
|
|
|a 655.3.066.23
|2 2011
|
| 080 |
|
|
|a 27-722.5:377
|2 2011
|
| 080 |
|
|
|a (437.612)
|2 2011
|
| 100 |
1 |
|
|a Schirgl, Andreas,
|d 19. storočie
|4 aut
|9 123374
|
| 245 |
1 |
3 |
|a In nomine Sanctissimae Trinitatis! Sub Invocatione Beatam Mariae Virginis, Dominoe et Auxiliatricis Nostrae! Ad majorem Dei omnipotentis Gloriam Et Virgimis Immaculatae Ac OO. SS. Honorem!
|
| 264 |
|
1 |
|a Nagy-Szombatban
|b [Vydavateľ nie je známy]
|c 1855
|
| 300 |
|
|
|a 2 nečíslované listy
|c 2°
|c 40 × 26 cm
|
| 336 |
|
|
|a text
|b txt
|2 rdacontent
|
| 337 |
|
|
|a bez média
|b n
|2 rdamedia
|
| 338 |
|
|
|a zväzok
|b nc
|2 rdacarrier
|
| 500 |
|
|
|a Vineta
|
| 546 |
|
|
|a Latinčina
|b Antikva
|
| 546 |
|
|
|a Maďarčina
|b Antikva
|
| 563 |
|
|
|a Väzba: zelené plátno na kartóne, previazaná.
|5 SNK SA 1057
|
| 650 |
0 |
7 |
|a príležitostné tlače
|2 SNKPH
|9 88198
|
| 650 |
0 |
7 |
|a kňažské semináre
|2 SNKPH
|9 71650
|
| 651 |
|
7 |
|a Trnava (Slovensko)
|2 SNKPH
|9 19407
|
| 655 |
|
7 |
|a pravidlá
|2 SNKPH
|9 353174
|
| 752 |
|
|
|a Slovensko
|d Trnava
|
| 852 |
|
|
|a Slovenská národná knižnica
|p SA 1057
|
| 958 |
|
|
|a DF
|
| 958 |
|
|
|a ONDV
|
| 999 |
|
|
|c 703239
|d 705169
|
| 952 |
|
|
|t 1
|a SNK
|b SNK
|c SNK_KF
|y PREZ
|7 8
|p 17A1569208
|o snkSA 1057
|i snkK 777/80
|8 3
|0 0
|1 0
|2 udc
|4 0
|d 2025-11-25
|l 0
|r 2026-02-23 21:05:00
|w 2026-02-23
|